[Event "Lazy Baltic Pearl op-A 21st"]
[Site "Lazy"]
[Date "2025.07.07"]
[Round "8"]
[White "Klincewicz, Aleksandra"]
[Black "Hasinski, Krystian"]
[Result "1/2-1/2"]
[WhiteElo "1824"]
[BlackElo "1802"]
[PlyCount "169"]
[EventDate "2025.06.30"]
[EventType "swiss"]
[EventRounds "9"]
[EventCountry "POL"]
[SourceTitle "CB28_2025"]
[SourceDate "2025.07.09"]
[SourceVersion "1"]
[SourceVersionDate "2025.07.09"]
[SourceQuality "1"]

1. d4 c6 2. c4 d5 3. cxd5 cxd5 4. Nc3 Nc6 5. Bf4 e6 6. e3 Bd6 7. Bxd6 Qxd6 8. f4 Nf6 9. Nf3 a6 10. Bd3 Bd7 11. 0-0 h6 12. Rc1 Ng4 13. Qe2 f5 14. Ne5 Ngxe5 15. fxe5 Qe7 16. a3 0-0 17. Kh1 Qg5 18. Rf4 Be8 19. g4 fxg4 20. Rxf8+ Kxf8 21. Rf1+ Kg8 22. Rf4 h5 23. Qf2 Bg6 24. e4 Nxd4 25. exd5 Nf3 26. Qe3 Qh6 27. Bc4 Rf8 28. Rxf8+ Kxf8 29. Qxh6 gxh6 30. dxe6 Nxe5 31. Bd5 Nc6 32. Kg2 h4 33. Ne2 Ke7 34. Nf4 Bf5 35. Kf2 Nd8 36. Ng2 Bxe6 37. Be4 Kf6 38. Nxh4 Kg5 39. Ng2 b6 40. Ke3 Nf7 41. Nf4 Bb3 42. Nd5 Bxd5 43. Bxd5 Ne5 44. b4 a5 45. bxa5 bxa5 46. a4 h5 47. Bg2 h4 48. Ke4 Ng6 49. Bf1 Nf4 50. Ke3 Kf5 51. Bc4 Ke5 52. Bb5 Nd5+ 53. Kf2 Kf4 54. Bc6 Nc3 55. Bd7 Ne4+ 56. Kg2 Nd2 57. Be6 Nf3 58. Bd7 Ne1+ 59. Kf2 Nd3+ 60. Kg2 Ne5 61. Bb5 Nf3 62. Bd7 h3+ 63. Kh1 Ng5 64. Kg1 g3 65. hxg3+ Kxg3 66. Bf5 Nf3+ 67. Kh1 Nh4 68. Be4 Nf3 69. Bf5 Ne5 70. Kg1 Ng4 71. Bxg4 Kxg4 72. Kh2 Kh4 73. Kh1 Kg3 74. Kg1 Kf3 75. Kh2 Ke3 76. Kxh3 Kd3 77. Kg2 Kc3 78. Kf2 Kb3 79. Ke2 Kxa4 80. Kd2 Kb3 81. Kc1 a4 82. Kb1 a3 83. Ka1 Kc3 84. Ka2 Kd3 85. Kxa3 1/2-1/2

[Event "Lazy Baltic Pearl op-A 21st"]
[Site "Lazy"]
[Date "2025.07.03"]
[Round "4"]
[White "Klincewicz, Aleksandra"]
[Black "Zak, Pawel"]
[Result "0-1"]
[WhiteElo "1824"]
[BlackElo "1860"]
[PlyCount "200"]
[EventDate "2025.06.30"]
[EventType "swiss"]
[EventRounds "9"]
[EventCountry "POL"]
[SourceTitle "CB28_2025"]
[SourceDate "2025.07.09"]
[SourceVersion "1"]
[SourceVersionDate "2025.07.09"]
[SourceQuality "1"]

1. d4 f5 2. e4 fxe4 3. Nc3 Nf6 4. Bg5 g6 5. Bc4 c6 6. d5 Bg7 7. d6 Qa5 8. Bf4 Nd5 9. Bxd5 cxd5 10. Nge2 e5 11. Qxd5 Qxd5 12. Nxd5 Na6 13. Be3 b6 14. Nec3 Bb7 15. b4 Rc8 16. a3 Bxd5 17. Nxd5 Rxc2 18. 0-0 Kf7 19. a4 Ke6 20. Rfd1 Rc6 21. b5 Rxd6 22. Nxb6 Rxd1+ 23. Rxd1 axb6 24. bxa6 Ra8 25. Bxb6 Rxa6 26. a5 Bf8 27. Rb1 d5 28. Kf1 d4 29. Rb5 Bd6 30. Ke2 Kd7 31. Rb3 Kc6 32. Rh3 Bc5 33. Bxc5 Kxc5 34. Rxh7 Rxa5 35. Rc7+ Kd6 36. Rc1 Ra2+ 37. Ke1 Kd5 38. Rc8 Ra1+ 39. Kd2 Rf1 40. Rd8+ Ke6 41. Ke2 Rg1 42. g3 d3+ 43. Kd2 Rf1 44. Re8+ Kf6 45. Ke3 Re1+ 46. Kd2 Re2+ 47. Kd1 Kf5 48. h3 e3 49. Rf8+ Ke4 50. f3+ Kd4 51. Rd8+ Kc3 52. Rc8+ Kb2 53. Rb8+ Ka2 54. Rd8 Rd2+ 55. Ke1 Kb3 56. Rb8+ Kc4 57. Rc8+ Kd5 58. Rd8+ Ke6 59. h4 Ke7 60. Rd5 Ke6 61. Rd8 Ke7 62. Rd5 Kf6 63. Rd6+ Kf5 64. Rd5 Rf2 65. Rxd3 Rxf3 66. Ke2 Rxg3 67. Ra3 Rg2+ 68. Kf3 Rh2 69. Kg3 Re2 70. Kf3 Re1 71. Ra5 Rh1 72. Kxe3 Rxh4 73. Kf3 Rh3+ 74. Kg2 Rb3 75. Ra8 g5 76. Ra5 Kf4 77. Ra8 Rb2+ 78. Kf1 g4 79. Rf8+ Kg3 80. Re8 Kf3 81. Rf8+ Ke3 82. Rg8 Rb4 83. Rg5 Kf4 84. Rg8 Kf3 85. Rf8+ Rf4 86. Re8 e4 87. Re7 g3 88. Rg7 e3 89. Re7 g2+ 90. Kg1 Rg4 91. Rf7+ Ke2 92. Rd7 Ke1 93. Rd3 Ke2 94. Rd6 Rg5 95. Rd8 Rg4 96. Rd7 Kf3 97. Rf7+ Rf4 98. Ra7 e2 99. Ra3+ Kg4 100. Re3 Rf1+ 0-1

[Event "POL-chT U20 1st League"]
[Site "Chotowa"]
[Date "2025.06.22"]
[Round "9.29"]
[White "Moczala, Maja"]
[Black "Klincewicz, Aleksandra"]
[Result "0-1"]
[WhiteElo "1867"]
[BlackElo "1802"]
[PlyCount "68"]
[EventDate "2025.06.14"]
[EventType "team-swiss"]
[EventRounds "9"]
[EventCountry "POL"]
[SourceTitle "CB26_2025"]
[SourceDate "2025.06.25"]
[SourceVersion "1"]
[SourceVersionDate "2025.06.25"]
[SourceQuality "1"]
[WhiteTeam "Wodzisław Slaski"]
[BlackTeam "Wroclaw Srodmiescie II"]
[WhiteTeamCountry "POL"]
[BlackTeamCountry "POL"]

1. e4 c5 2. c3 d5 3. exd5 Qxd5 4. d4 Nf6 5. Nf3 Bg4 6. Be2 cxd4 7. cxd4 e6 8. Nc3 Qa5 9. 0-0 Be7 10. h3 Bh5 11. Qb3 Qb4 12. Qxb4 Bxb4 13. Nb5 Na6 14. a3 Be7 15. g4 Bg6 16. Ne5 Be4 17. Nc3 Bd5 18. Bb5+ Kf8 19. Bg5 Nc7 20. Rac1 Nxb5 21. Nxb5 a6 22. Nc3 Rd8 23. Rfd1 h6 24. Be3 g6 25. Nd3 Kg7 26. Nc5 Bf3 27. Rd2 g5 28. Nd3 h5 29. Bxg5 hxg4 30. Ne1 Rxh3 31. Nxf3 gxf3 32. Bxf6+ Bxf6 33. Ne4 Rdh8 34. Ng3 Bg5 0-1

[Event "POL-chT U20 1st League"]
[Site "Chotowa"]
[Date "2025.06.19"]
[Round "6.35"]
[White "Giemza, Julia"]
[Black "Klincewicz, Aleksandra"]
[Result "0-1"]
[WhiteElo "1801"]
[BlackElo "1802"]
[PlyCount "112"]
[EventDate "2025.06.14"]
[EventType "team-swiss"]
[EventRounds "9"]
[EventCountry "POL"]
[SourceTitle "CB26_2025"]
[SourceDate "2025.06.25"]
[SourceVersion "1"]
[SourceVersionDate "2025.06.25"]
[SourceQuality "1"]
[WhiteTeam "Rybnik MKSz"]
[BlackTeam "Wroclaw Srodmiescie II"]
[WhiteTeamCountry "POL"]
[BlackTeamCountry "POL"]

1. e4 c5 2. Nf3 Nc6 3. d4 cxd4 4. Nxd4 e5 5. Nb5 d6 6. N1c3 a6 7. Na3 b5 8. Nd5 Nge7 9. Be3 Nxd5 10. exd5 Ne7 11. c4 Nf5 12. Bd2 Be7 13. cxb5 0-0 14. Bd3 Bf6 15. Be4 Qb6 16. Bc3 axb5 17. Nc2 g6 18. 0-0 Bg7 19. Nb4 Ne3 20. fxe3 Qxe3+ 21. Kh1 Qxe4 22. Re1 Qg4 23. Qd3 Bd7 24. Rac1 Rfc8 25. Qe3 Rc4 26. a3 Rac8 27. Qb6 Bf8 28. Nc2 Qh5 29. Qg1 f5 30. Ne3 R4c5 31. Rcd1 f4 32. Nf1 Bg4 33. Rd3 Qf5 34. Rd2 Qf7 35. h3 Bh5 36. Nh2 Rxd5 37. Ng4 Rxd2 38. Bxd2 Bxg4 39. hxg4 Qd7 40. g5 Qg4 41. Qf1 Rc2 42. Qd3 Qf5 43. Qd5+ Qf7 44. Qd3 Qc4 45. Qxc4+ Rxc4 46. Bc3 Kf7 47. Rd1 Ke6 48. Kg1 d5 49. Kf2 e4 50. Ke2 Bc5 51. Rf1 Be3 52. g3 d4 53. gxf4 Kf5 54. Bb4 Bxf4 55. Bd6 Rc2+ 56. Kd1 Rc1+ 0-1